Normal view
MARC view
- Brighton, John.A Hughes, William.F
Entry Personal Name
001 - CONTROL NUMBER
- control field: 80347
003 - CONTROL NUMBER IDENTIFIER
- control field: NUST
005 - DATE AND TIME OF LATEST TRANSACTION
- control field: 20210628210641.0
008 - FIXED-LENGTH DATA ELEMENTS
- fixed length control field: 210628|| aca||aabn | a|a d
040 ## - CATALOGING SOURCE
- Original cataloging agency: NUST
- Transcribing agency: NUST
100 ## - HEADING--PERSONAL NAME
- Personal name: Brighton, John.A Hughes, William.F
670 ## - SOURCE DATA FOUND
- Source citation: Work cat.: (NUST): Brighton, John.A Hughes, William.F, Theory and problems of fluid dynamics, 1999
